H. B. J. federal tax course 1990

Bibliographic Details
Main Author: Everett, John O. (Author)
Format: Book
Published: San Diego : Harcourt Brace Jovanovich , 1989
Subjects:

MARC

LEADER 00000cam a2200000 7i4500
001 0000022011
005 20021119093000.0
008 021119n
020 |a 0155352806 
090 0 0 |a HJ3252   |b .H24 1989 
245 0 0 |a H. B. J. federal tax course 1990   |c John O. Everett...[et al.] 
260 2 |a San Diego :   |b Harcourt Brace Jovanovich ,   |c 1989 
300 |a 1 v. (various pagings) ; ;   |c 24 cm. 
650 0 |a Income tax   |z United States 
650 0 |a Taxation   |z United States 
700 0 |a Everett, John O. ,   |e author 
999 |a 1000020882   |b Book   |c OPEN SHELF (30 DAYS)   |e Gong Badak Campus